Netflix users by country - Statistics

General Stats
  • This quiz has been taken 39 times
  • The average score is 14 of 20
Answer Stats
Hint Answer % Correct
83.9 million United States
100%
9.08 million Canada
91%
15 million Germany
91%
12.2 million France
84%
5.82 million Spain
84%
15.8 million United Kingdom
84%
25.46 million Brazil
81%
12.8 million India
81%
5.42 million Italy
78%
8.86 million Australia
72%
6.5 million Argentina
69%
8.5 million Japan
69%
4.3 million Netherlands
66%
2.65 million Poland
66%
6.45 million South Korea
63%
2.25 million Sweden
63%
2.48 million Belgium
59%
6.94 million Indonesia
50%
3.78 million Turkey
44%
4.5 million Colombia
41%
No matching quizzes found
Score Distribution
Percent of People with Each Score
Percentile by Number Answered
Your Score History
You have not taken this quiz